000 00404nam a2200145Ia 4500
008 100204s9999 xx 000 0 und d
082 _b10597
100 _aशहा सुभाष
245 _aबुरुज
260 _b"रावजी प्रकाशन , डोंबिवली"
_c1986
300 _a163
630 _aबुरुज
730 _aबुरुज
942 _cBOOK
999 _c455033
_d455030